[Event "Gibraltar Masters 17th"]
[Site "Caleta"]
[Date "2019.01.25"]
[Round "4"]
[White "Nakamura, Hikaru"]
[Black "Gavrilescu, David"]
[Result "1-0"]
[WhiteElo "2749"]
[BlackElo "2479"]
[Annotator "Krasenkow,M"]
[PlyCount "115"]
[EventDate "2019.01.22"]
[EventType "swiss"]
[EventRounds "10"]
[EventCountry "GGB"]
[SourceTitle "CBM 188 Extra"]
[Source "ChessBase"]
[SourceDate "2019.02.26"]
[SourceVersion "1"]
[SourceVersionDate "2019.02.26"]
[SourceQuality "1"]

{[%evp 0,115,80,63,21,-7,0,4,4,-6,33,-24,-31,-31,-3,-31,17,23,26,22,31,29,28,
42,58,21,38,44,37,38,43,34,30,11,31,21,30,26,30,29,42,34,48,48,36,30,33,31,33,
35,36,47,70,52,66,58,87,92,95,68,75,106,113,100,85,101,116,123,131,116,137,137,
141,141,141,141,141,132,141,107,131,125,122,85,120,141,148,126,148,126,126,126,
126,126,126,125,167,183,195,167,280,137,387,359,335,470,629,830,992,1002,1002,
1002,1002,1012,1259,1366,1366,1817]} 1. d4 Nf6 2. c4 e6 3. Nf3 d5 4. Nc3 Bb4 5.
Qa4+ Nc6 6. e3 O-O 7. Qc2 dxc4 8. Bxc4 Bd6 {The most popular move although} (
8... e5 {is possible at once.}) 9. O-O (9. Nb5 a6 10. Nxd6 cxd6 11. O-O b5 12.
Be2 (12. Bxb5 Nxd4 13. Nxd4 axb5 14. Nxb5 $4 Ba6) 12... Bb7 13. Bd2 Rc8 $11 {
1/2 (19) Kuzubov,Y (2660)-Lupulescu,C (2601) Sovata 2018}) (9. Ng5 h6 10. Nge4
e5 11. Nxd6 cxd6 12. d5 Ne7 13. e4 Ng6 14. O-O Nh5 15. Qd1 Nf6 16. Kh1 Bd7 17.
a4 Rc8 18. b3 a6 $13 {0-1 (35) Moranda,W (2533)-Moiseenko,A (2632) Polanica
Zdroj 2008}) (9. a3 e5 10. d5 (10. h3 Bd7 11. O-O h6 12. b4 exd4 13. exd4 Qc8
14. Nd5 Nxd5 15. Bxd5 Bf5 $11 {1/2 (38) Nakamura,H (2787)-So,W (2770) Paris
2016}) 10... Ne7 11. h3 (11. e4 c6 12. Bg5 cxd5 13. Bxf6 dxc4 14. Bxe5 {
1-0 (56) Michalik,P (2576)-Saric,I (2661) Jerusalem 2015} Bxe5 15. Nxe5 Qc7 16.
Nf3 Bg4 $15) (11. O-O Ng6 12. b4 Bd7 13. Ng5 Qe7 14. f3 a5 15. b5 Kh8 16. Nge4
Ne8 17. Nxd6 Nxd6 18. Ne4 f5 19. Nxd6 cxd6 20. a4 Rac8 21. Ba3 f4 22. e4 Nh4
$132 {1/2 (43) Sandipan,C (2628)-Neelotpal,D (2471) New Delhi 2012}) 11... Ng6
12. O-O h6 13. Bd3 Re8 14. Re1 Bd7 15. Bd2 c6 16. Ne4 Bf8 17. dxc6 Bxc6 18.
Nxf6+ Qxf6 19. Be4 Rac8 20. Bc3 Bxe4 21. Qxe4 Qc6 $11 {0-1 (56) Xu,Y (2538)
-Najer,E (2683) Moscow 2018}) 9... e5 (9... a6 10. a3 (10. Rd1 $5) 10... Bd7
11. Rd1 e5 12. d5 Ne7 13. h3 Ng6 14. b4 Qe7 15. Bd3 c6 16. dxc6 Bxc6 17. Ne4
Bxe4 18. Bxe4 Rac8 19. Qb1 Nxe4 20. Qxe4 Rc6 $11 {0-1 (45) Kovalenko,I (2642)
-Predke,A (2477) Moscow 2014}) 10. h3 (10. dxe5 Nxe5 11. Nxe5 Bxe5 12. h3 c6
13. a4 a5 14. b3 Re8 15. Bb2 Be6 16. Rfd1 Qb6 17. Bxe6 Rxe6 18. Rd3 Rae8 $11 {
1-0 (42) Shirov,A (2696)-Hou,Y (2609) Tromsoe 2013}) (10. d5 Nb4 $1 11. Qb1 e4
12. Nxe4 Nxe4 13. Qxe4 Re8 14. Qb1 Bg4 15. Nd4 Qh4 16. g3 Qh5 17. e4 Bc5 18.
Be3 Bxd4 19. Bxd4 Bf3 $36 {1/2 (27) Barria Zuniga,D (2438)-Sanikidze,T (2531)
Navalmoral 2011}) 10... a6 {Black has a lot of good alternatives leading to
rough equality:} (10... Bd7 $5 11. Rd1 (11. d5 Ne7 12. Rd1 h6 13. b3 a6 14. a4
Ng6 15. Bb2 Kh8 16. Bd3 Ne7 17. Rac1 Qe8 18. Qe2 Rb8 19. Bb1 b5 $132 {0-1 (66)
Bu,X (2710)-Yu,Y (2734) Shenzhen 2015}) 11... Qc8 12. dxe5 Nxe5 13. Nxe5 Bxe5
14. e4 Re8 (14... Bxh3 15. gxh3 Qxh3 16. f3 Qxf3 17. Qg2 Qxg2+ 18. Kxg2 Rfe8
19. Kf3 Bxc3 20. bxc3 Rxe4 21. Bd3 Re6 22. Bf4 Rae8 $13 {1-0 (62) Swiercz,D 
(2614)-Moiseenko,A (2698) Germany 2014}) 15. f3 c6 16. Be3 Be6 17. Bb3 Bc7 18.
Rd3 Bb6 19. Bxb6 axb6 20. Bxe6 Qxe6 21. Rad1 b5 22. a3 Qe7 23. Qd2 b4 24. axb4
Qxb4 25. Kh2 Qe7 26. Re1 Rad8 $11 {1/2 (40) Wang,Y (2730)-Bu,X (2723) Danzhou
2016}) (10... Qe7 11. a3 Bd7 (11... h6 12. b4 e4 13. Nd2 Bf5 14. Re1 Rae8 15.
Bb2 Qd7 16. Nb5 Ne7 17. Nf1 Ned5 $11 {1/2 (37) Malek,D (2405)-Cuenca Jimenez,J
(2490) Germany 2018}) 12. d5 Na5 13. Bd3 c5 14. dxc6 Nxc6 15. Rd1 Rac8 16. Bd2
h6 17. Rac1 Rfd8 18. Qb1 Be6 $11 {0-1 (41) Najer,E (2681)-Fressinet,L (2658)
Germany 2009}) (10... exd4 11. exd4 Nb4 $5 12. Qb1 (12. Qd1 Bf5 13. a3 Nc6 14.
Re1 h6 15. Ne5 Bxe5 16. dxe5 Qxd1 17. Nxd1 Nd7 $11 {1/2 (37) Chiburdanidze,M 
(2506)-Kosintseva,T (2536) Ningbo 2009}) 12... c6 13. Bg5 Be7 14. Re1 Nbd5 15.
Qd3 Be6 16. a3 Nc7 17. Bxe6 Nxe6 18. Rad1 Nd5 19. Nxd5 cxd5 20. Bxe7 Qxe7 $11 {
1/2 (34) Fernandez,D (2464)-Yagubi,A (2379) Livny 2017}) 11. a3 (11. dxe5 Nxe5
12. Nxe5 Bxe5 13. Bd3 Qe7 14. e4 {1/2 (72) Gajewski,G (2595)-Bluebaum,M (2620)
Germany 2018} Rd8 $11) 11... h6 (11... b5 12. Ba2 (12. Be2 Bb7 13. Rd1 exd4 14.
exd4 Ne7 15. Ne5 {1/2 (15) Prusikin,M (2545)-Parligras,M (2633) Bad Wiessee
2012}) (12. Bd3 Bb7 13. Ne4 h6 14. dxe5 Nxe5 15. Nxe5 Bxe5 16. Nc5 $14 {
1-0 (28) Chuchelov,V (2375)-Gogichaishvili,G (2310) Khabarovsk 1990}) 12... Bb7
13. Rd1 exd4 14. exd4 b4 15. Ne4 Nxe4 16. Qxe4 $14 {1/2 (45) Kanter,E (2368)
-Ly,M (2506) Dubai 2016}) (11... Qe7 12. b4 Bd7 13. Bb2 h6 14. Nd5 Nxd5 15.
Bxd5 exd4 16. exd4 Qf6 17. Rae1 $14 {1-0 (22) Bogner,S (2556)-Vuilleumier,A 
(2362) Flims 2016}) 12. Rd1 exd4 (12... Qe7 $5 13. d5 e4 14. Nxe4 Nxe4 15. dxc6
bxc6 16. b3 Ng5 17. Nxg5 Qxg5 18. f4 Qf6 19. Bb2 Bf5 20. Bd3 (20. Bxf6 {
1/2 (20) Hillarp Persson,T (2547)-Grandelius,N (2542) Vasteras 2011}) 20...
Bxd3 21. Rxd3 Qg6 22. Qc3 $14) 13. exd4 Ne7 (13... b5 $5 14. Ba2 (14. Bd3 Bb7)
14... Ne7 15. Ne5 Bf5) 14. Ne5 $14 {[%csl Ge5]} Be6 {[%mdl 32] This move
creates a long-term weakness in Black's position.} (14... b5 15. Bd3 Bb7 16.
Bf4 $14) (14... c6 $5 {[%cal Ye7d5]}) 15. Bxe6 fxe6 {[%csl Re6]} 16. Bf4 Qe8
17. Re1 Nfd5 18. Bh2 Bxe5 19. Bxe5 Qf7 20. Ne4 (20. Nxd5 $142 Nxd5 (20... exd5
21. Qxc7 Qxf2+ $2 22. Kh2 $18) 21. Re4 $14) 20... Nc6 21. Nc5 b6 $6 (21... Nf4
$5 22. Nxb7 (22. Bxf4 Nxd4 23. Qe4 Qxf4 24. Qxf4 Rxf4 25. Rad1 b6 26. Nxe6 Nxe6
27. Rxe6 Raf8 28. f3 R4f6 $11) 22... Nxe5 23. Rxe5 Nxg2 24. Kxg2 Qf3+ 25. Kg1
Qxb7 $11) 22. Nd3 Nxe5 23. Nxe5 Qf5 24. Rac1 Rad8 25. h4 Nf4 {Black
desperately tries to create counterplay but White keeps an advantage in the
endgame.} 26. Qxf5 exf5 27. Rxc7 Rfe8 (27... Rxd4 28. Rb7 $1 b5 29. g3 Nd5 30.
Ng6 $16) 28. Rc6 Rxd4 29. Rxb6 Rd5 30. g3 Rdxe5 (30... Nh5 31. Nf3) 31. Rxe5
Rxe5 32. gxf4 {[%mdl 4096]} Ra5 {Of course, Black's rook will be passive here
but he had little choice:} (32... Re4 33. Rxa6 Rxf4 34. b4 {, and White's
pawns quickly run forward.}) (32... Re1+ 33. Kg2 a5 34. Rb5 $18) 33. h5 Ra4 34.
Kg2 Kf7 35. Kf3 Ke7 36. Rb7+ Kf6 37. Rb6+ Ke7 38. Kg3 Kf7 39. f3 Ke7 40. Rg6
Kf7 41. Kf2 Ra5 (41... Rxf4 42. Rxa6 Rh4 43. b4 Rxh5 44. b5 Rh2+ 45. Kg3 Rb2
46. a4 $18) ({After} 41... Rc4 $5 42. Ke3 a5 43. Rb6 {[%cal Rb6b5]} a4 44. Rb4
{White should win, too.}) 42. Rb6 Ra4 43. Ke3 Ke7 44. Rb7+ Kf6 45. Rc7 $22 Ra5
(45... g5 46. Rc6+ $18) (45... a5 46. Ra7 g5 47. Ra6+) 46. Rc4 Ke6 47. a4 Ke7
48. b3 Kd6 49. Rc8 Rd5 {The pawn endgame is completely lost for Black} ({
as well as} 49... Ke6 50. Rc6+ Kd7 (50... Kf7 51. Kd4) 51. Rg6) 50. Rd8+ Kc6
51. Rxd5 Kxd5 52. Kd3 a5 53. Kc3 g6 (53... Kc5 54. b4+ axb4+ 55. Kb3 $18) 54.
hxg6 Ke6 55. b4 axb4+ 56. Kxb4 h5 57. g7 Kf7 58. a5 1-0

[Event "WchT 11th"]
[Site "Khanty-Mansiysk"]
[Date "2017.06.23"]
[Round "6.4"]
[White "Fedoseev, Vladimir1"]
[Black "Gajewski, Grzegorz"]
[Result "1-0"]
[WhiteElo "2703"]
[BlackElo "2628"]
[Annotator "Lenderman,A"]
[PlyCount "63"]
[EventDate "2017.06.17"]
[EventType "team-tourn"]
[EventRounds "9"]
[EventCountry "RUS"]
[SourceTitle "CBM 179"]
[Source "ChessBase"]
[SourceDate "2017.07.12"]
[SourceVersion "1"]
[SourceVersionDate "2017.07.12"]
[SourceQuality "1"]
[WhiteTeam "Russia"]
[BlackTeam "Poland"]
[WhiteTeamCountry "RUS"]
[BlackTeamCountry "POL"]

{Despite a few very sharp battles that were played today, I decided to pick
Vladimir Fedoseev's win over Gajevski as game of the day since it involved a
new, interesting idea in the opening (at least for me), and seemed like a very
good positional game with a nice finish.} 1. d4 Nf6 2. c4 e6 3. Nf3 d5 4. Nc3
Bb4 {The currently very popular Ragozin Defence, which is one of the main
weapons for Vishy Anand, of whom Gajevski is a main second.} 5. e3 $5 {
According to my database this is the first time Vladimir Fedoseev has played
with this move order. In the past he has tried a few other moves also with
good success. In general I noticed Fedoseev is a very versatile player in the
opening - he can play almost any opening with either colour.} (5. Qa4+) (5. a3)
(5. Qb3 {are the other moves he's tried here. Fedoseev won a particularly
important game against his teammate in the World Team Championship, Maxim
Matlakov at the Aeroflot Open.} c5 6. dxc5 Na6 (6... Nc6 $5 {is another main
move.}) 7. a3 Bxc3+ 8. Qxc3 Nxc5 9. cxd5 Qxd5 10. Be3 Nce4 11. Qe5 Qxe5 (11...
O-O $5 {might also be possible.}) 12. Nxe5 Nd5 13. Bc1 Nc5 14. Rb1 f6 15. Nc4
e5 16. f3 Ke7 17. e4 Nf4 18. Be3 Ncd3+ 19. Bxd3 Nxd3+ 20. Ke2 Nf4+ 21. Bxf4
exf4 22. Na5 b6 $6 (22... Rd8) 23. Nc6+ Kd6 $6 (23... Kf7) 24. Rbc1 $1 Ba6+ 25.
Kf2 {Fedoseev,V (2658)-Matlakov,M (2701) Moscow RUS 2017, and White soon won.})
5... O-O 6. Bd2 b6 7. cxd5 exd5 8. Rc1 $5 {An attempted improvement over his
own blitz game, also against Maxim Matlakov, where White could only be worse.}
(8. Be2 Bb7 9. O-O Nbd7 10. Rc1 a6 11. a3 Bd6 12. b4 Qe7 13. Qb3 Qd8 {1/2 (13)
Fedoseev,V (2661)-Matlakov,M (2695) St Petersburg RUS 2014} (13... c6 $5)) 8...
Be7 (8... Bb7 9. Nb5 $5 {might've been Fedoseev's idea, but I can only guess.
This forces a trade of bishops. White was probably happy to get this structure.
} (9. Bd3 {It's also possible to put the bishop simply on d3 instead of e2.})
9... Bxd2+ 10. Nxd2 (10. Qxd2 $5 c5 $5) 10... c6 (10... c5 11. dxc5 bxc5 12.
Rxc5 Nc6 $44 {is very sharp and probably works well for Black but still
perhaps risky to play for without concrete analysis.}) 11. Nc3 Nbd7 12. Be2 {
The position is equal but maybe slightly easier to play for White. It's not so
easy for Black to find a clear plan here.}) 9. Bd3 Bb7 (9... c5 $5 {is also
interesting and has been played a few times, including by fellow top Polish
player, Wojtaszek, who is also a second for Anand.} 10. O-O Bg4 11. h3 Bh5 12.
g4 Bg6 13. Bxg6 hxg6 14. Ne5 Bd6 15. Qf3 (15. f4 $5) 15... Nbd7 16. Nc6 Qc7 17.
Nxd5 Nxd5 18. Qxd5 Rac8 {1-0 (65) Vidit,S (2651)-Wojtaszek,R (2734) Berlin GER
2015, and after a tough, back and forth struggle White ended up winning though
Black did stand well at some point here.}) 10. O-O Nbd7 11. Be1 $5 {A very
interesting idea, preparing to transfer the bishop to g3 or h4, after playing
Ne5 and f3 or f4. Interestingly enough, this idea has already been tried by
the current Russian Champion and a coach of the Russian Team, Alexander
Riazantsev against none other than Radoslaw Wojtaszek. So this is actually a
very intriguing battle, not only at the chessboard, but also in preparation,
because it's very likely both players got help in preparation for this game
and are very well aware of the game Riazantsev-Wojtaszek.} (11. Ne5 {Is
probably too early.} Nxe5 12. dxe5 Nd7 13. f4 Nc5 14. Bb1 d4 15. Nb5 d3 $132 {
And Black gets good counterplay.}) 11... c5 12. Ne5 cxd4 13. Nxd7 $5 {And here
is the first major deviation and also a novelty according to my database.
Riazantsev played 13.exd4 and that didn't work so well for him in his game
since Black quickly got the advantage in that game.} (13. exd4 Nxe5 14. dxe5
Nd7 15. f4 Nc5 16. Ne2 d4 17. Ng3 Nxd3 18. Qxd3 Qd5 $15 {1/2 (52) Riazantsev,A
(2671)-Wojtaszek,R (2749) Doha QAT 2016, and after many more moves, the game
was drawn.}) 13... Nxd7 {Understandable choice.} (13... Qxd7 {This might be
stronger, but Gajewski might've rejected this due to Nb5!? which will leave
Black with an isolated pawn.} 14. Nb5 {was likely White's idea here.} (14. exd4
Ne4 $11 {seems harmless for Black.}) 14... Rfc8 15. Nxd4 Rxc1 16. Qxc1 Rc8 17.
Qd1 g6 18. Ne2 {Again, the engine says it is equal, but I think White is
better off here, since he has a simple plan with Bc3, Nf4, etc.. putting
pressure on the isolated pawn and Black has to find creative ways to get
counterplay.}) 14. exd4 Nf6 15. f3 $5 {Now Black is not going to be able to
play ...Ne4, a freeing move and still has some problems to solve.} (15. Nb5 {
The engine suggests this move, but I think it's rather harmless.} Ne8 (15...
Ne4 $5 {is even more forcing, trying to go ...Nd6 and discouraging Bd2.}) 16.
Bd2 a6 17. Nc3 Bf6 {with a roughly equal game.}) 15... g6 $6 {In my opinion
this is a small strategic mistake. White's intention with the move f3 is not
only to stop ...Ne4, but also to prepare Bh4 and to try to basically force the
trade of the dark-squared bishops. What that does is, in the long run it
leaves Black with a "bad bishop" on b7 against the good one on d3 because of
the fixed pawn structure in the centre. On the other hand if Black can keep
the dark-squared bishops, he can also potentially apply pressure on White's
"weakness on d4, not only with the knight but also with the bishop. Then the
game would be roughly equal.} (15... Nh5 $1 {In my opinion this was a strong
move, after which it seems to me that Black has a decent game without many
problems. But it's probably not such an easy move to find during the game.} 16.
Bd2 g6 17. Nb5 Bf6 18. Be3 Re8 $1 (18... Ng7 $6 19. Qd2 Ne6 20. f4 a6 21. f5
axb5 22. fxe6 fxe6 23. Bxb5 Rxa2 24. Bh6 Rf7 25. Rf3 Ra5 26. Rcf1 Rxb5 27. Qf2
Ra5 28. Rxf6 Rxf6 29. Qxf6 Qxf6 30. Rxf6 Ra8 31. Rxe6 Kf7 32. Rxb6 $14 {
Here White is still pressing.}) 19. Qd2 a6 $1 20. Nc7 Rxe3 21. Qxe3 Rc8 22.
Nxa6 Rc4 $1 23. Bxc4 dxc4 24. Rfd1 (24. Rcd1 Bxa6 $17 {This is not a forced
line by any means but it shows how quickly Black can also get counterplay.})
24... Bg5) 16. Bh4 Nh5 17. Bxe7 Qxe7 18. Qd2 Qf6 19. Bb1 {Probably not the
only move.} (19. Bc2 $5 {might be an improvement since in one critical line,
White has a key move.} Nf4 20. g3 Ne6 21. Rcd1 Ba6 22. Rf2 Rad8 23. f4 Rfe8 24.
Ba4 $1 Re7 25. Re1 $1 {and here Black is tied down. Obviously with the bishop
on b1, Ba4 wasn't possible.}) (19. Bb5 $5 {was also possible, trying to induce
a6 in some cases and controlling the e8-square in the meanwhile.}) 19... Rfe8
$6 {In my opinion another inaccuracy, which allows White to execute his
dangerous plan and now Black's position starts to become critical.} (19... Nf4
{If I were Black I would prefer to activate the knight and to try to create
counterplay right away against the weak d4-pawn. The position is still ok for
Black but it's already becoming more difficult to play than if he had played ..
.Nh5 earlier.} 20. g3 Ne6 21. Rcd1 Ba6 22. Rf2 (22. Nxd5 $2 Qd8) 22... Rad8 23.
f4 Rfe8 $1 24. f5 Ng5 25. fxg6 (25. Kg2 Ne4 $132) 25... Nh3+ 26. Kg2 Nxf2 27.
gxh7+ Kh8 28. Qxf2 Rd6 $11) 20. f4 Re7 {A logical move, but the drawback of
this move is that it misplaces the black rook in some cases.} (20... Rac8 21.
g4 (21. Rcd1 $5 {would keep the pressure though, preparing to meet ...Rc4. And
still it's not easy for Black to play it. White has a lot of ideas and Black
sort of has to wait.}) 21... Ng7 22. f5 Qh4 $1 $132 {would still be ok for
Black concretely.}) 21. g4 Ng7 22. f5 g5 $2 {The decisive mistake, after which
his position becomes indefensible.} (22... gxf5 {Good or bad, this had to be
tried, to at least keep some counterplay chances alive.} 23. Bxf5 Qh4 $1 24.
Qf2 Qh3 (24... Qxf2+ 25. Rxf2 Rae8 26. Kg2 $14 {is also only slightly worse
for Black.}) 25. Qf3 Qh6 $14 {and White is only slightly better. Black still
has counterplay.}) (22... Qh4 $2 {Now this doesn't work thanks to the rook
being on e7.} 23. f6 Qxg4+ 24. Kh1 $16 {is also winning for White.}) 23. h4 h6
24. hxg5 hxg5 25. Rf3 Kf8 26. Rh3 Ke8 27. Nb5 Kd8 28. Qh2 $1 {The most
effective move. The game is completely lost for Black.} Rc8 29. Rxc8+ Bxc8 30.
Rh6 Re1+ 31. Kf2 Qe7 32. Qd6+ {Black will either be mated or down a rook. A
very nice quick win by Vladimir Fedoseev, using a nice opening idea, and
outplaying Black in an equal position where just a couple of inaccuracies and
a big mistake is all it took for Black to lose quickly. This game was a
crucial game for Russia to win their very important match against Poland, who
had been doing very well up to this point.} 1-0